| 000 | 01206cam a2200301 a 4500 | ||
|---|---|---|---|
| 999 |
_c8808 _d8808 |
||
| 001 | 3035001 | ||
| 003 | GBCCL | ||
| 005 | 20241126110658.0 | ||
| 008 | 950824s1995 miua 000 0 eng | ||
| 010 | _a 95040707 | ||
| 020 | _a0310201063 (hardcover : alk. paper) | ||
| 020 | _z9780310285908 | ||
| 040 |
_aDLC _cDLC _dDLC |
||
| 050 | 0 | 0 |
_aBV652.2 _b.W38 1995 |
| 082 | 0 | 0 |
_a253 _220 _bWAR |
| 100 | 1 |
_aWarren, Rick, _d1954- _eauthor. _915496 |
|
| 245 | 1 | 4 |
_aThe purpose driven church : _bevery church is big in God's eyes / _cRick Warren. |
| 260 |
_aGrand Rapids, Mich. : _bZondervan Pub., _cc1995. |
||
| 300 |
_a399 p. : _bill. ; _c25 cm. |
||
| 650 | 0 |
_aChurch growth. _9291 |
|
| 650 | 0 |
_aEvangelistic work. _9290 |
|
| 856 | 4 | 2 |
_3Publisher description _uhttp://www.loc.gov/catdir/enhancements/fy0633/95040707-d.html |
| 856 | 4 | 1 |
_3Table of contents only _uhttp://www.loc.gov/catdir/enhancements/fy0633/95040707-t.html |
| 856 | 4 | 1 |
_3Sample text _uhttp://www.loc.gov/catdir/enhancements/fy0642/95040707-s.html |
| 906 |
_a7 _bcbc _corignew _d1 _eocip _f19 _gy-gencatlg |
||
| 942 |
_2ddc _cBK _07 |
||